Дело о прекращении бывшему учителю Ставропольского приходского училища губернскому секретарю Гололобову пенсии, по случаю поступ...

Доступно только в Электронных читальных залах Найти на картеНа карте
RUSMARC
00003658nmc2a2200000 x 450
0016883cc91-259e-4337-a797-298bf9835ef0
00520151216163411.0
100##$a20150904l18471848k l0rusy0189 ca
1010#$arus
102##$aRU
2001#$aДело о прекращении бывшему учителю Ставропольского приходского училища губернскому секретарю Гололобову пенсии, по случаю поступления его на службу и об оставшихся пенсионных его деньгах
$j30 декабря 1847 г. - 3 мая 1848 г.
251##$cДело
300##$aДело
801#0$aRU
$bРГИА
$c20150904
$gRCR
801#1$aRU
$bГлавНИВЦ
$c20150904
$2rusmarc
801#2$aRU
$bПБ им. Б.Н. Ельцина
$c20151216
$gRCR
$2rusmarc
850##$aРГИА
852##$aРГИА
$eФедеральное казенное учреждение "Российский государственный исторический архив" (РГИА)
$j174
937##$hРГИА
$d12092723
$aASBIBLIO_SCAN
462#0$10016e7ba0f3-98a0-45d9-8501-58dfee489242
$12001
$aДела Хозяйственного отделения Департамента народного просвещения за 1835-1849 гг.
$1251
$cОпись
$1852
$j105
461#0$1001a74412a3-3cc5-4d21-8f0a-dfe2fbd9e72d
$12001
$aДепартамент народного просвещения Министерства народного просвещения
$1251
$cФонд
$1852
$j733
215##$a17 л.
$d36,5х26 см
371##$aДокумент не является опубликованным и широко распространяемым
105##$ay###
1222#$ad
035##$a6883cc91-259e-4337-a797-298bf9835ef0
Формат отображения